Občiansky súdny poriadok komentár a súvisiace predpisy

Guardado en:
Detalles Bibliográficos
Autor principal: Krajčo, Jaroslav
Formato: Libro
Lenguaje:eslovaco
Publicado: Bratislava EUROUNION 2004
Edición:3. aktualiz. vyd.
Materias:
Etiquetas: Agregar Etiqueta
Sin Etiquetas, Sea el primero en etiquetar este registro!

MARC

LEADER 00000nam$a2200000$$$4500
001 0010220
005 20221207102719.1
020 |a 80-88984-05-X 
041 0 |a slo 
044 |a SK 
245 1 0 |a Občiansky súdny poriadok  |b komentár a súvisiace predpisy  |c Jaroslav Krajčo a kolektív 
250 |a 3. aktualiz. vyd. 
264 1 |a Bratislava  |b EUROUNION  |c 2004 
300 |a 1163 s. 
610 2 0 |a predpisy právne 
610 2 0 |a súdy 
610 2 0 |a poriadok súdny občiansky 
610 2 0 |a komentáre 
610 2 0 |a Slovensko 
100 1 |a Krajčo, Jaroslav